| 000 | 00619nam a2200217Ia 4500 | ||
|---|---|---|---|
| 005 | 20241129104130.0 | ||
| 008 | 241129s9999||||xx |||||||||||||| ||und|| | ||
| 020 | _a9780262539128 | ||
| 037 | _aTextual | ||
| 040 |
_aRTL _beng _cRTL |
||
| 041 |
_aeng _2eng |
||
| 084 |
_aX:(L4:4243) R0 _qRTL |
||
| 100 |
_aGans Joshua _9286929 |
||
| 245 | 0 |
_aPandemic information gap: The brutal economics of Covid-19 _cGans Joshua |
|
| 260 |
_aCambridge _bMIT Press _c2022 |
||
| 300 | _axi,200p. | ||
| 365 |
_aINR _b1640.29 |
||
| 650 | _aEconomics | ||
| 942 |
_cTB _hX:(L4:4243) R0 |
||
| 999 |
_c1224557 _d1224557 |
||